[Event "I Open Franciacorta"]
[Site "Castelli Calepio ITA"]
[Date "2007.04.28"]
[Round "2"]
[White "Georgiev, Vladimir"]
[Black "Guglielmi, Dante"]
[Result "1-0"]
[WhiteElo "2540"]
[BlackElo "1991"]
[PlyCount "77"]
[EventDate "2007.04.28"]

1. d4 d5 2. c4 e6 3. Nc3 Nf6 4. cxd5 exd5 5. Bg5 Be7 6. e3 O-O 7. Bd3 Nbd7 8.
Nge2 Re8 9. Qc2 Nf8 10. O-O c6 11. f3 Ng6 12. Kh1 Qd6 13. e4 dxe4 14. fxe4 Qd7
15. Bxf6 Bxf6 16. e5 Be7 17. Bc4 Rf8 18. Rf3 b5 19. Bb3 c5 20. Bd5 Bb7 21. Bxb7
Qxb7 22. dxc5 Bxc5 23. Rh3 h6 24. e6 Ne5 25. Qf5 f6 26. Nf4 Rad8 27. Ne4 Bb4
28. Rg3 Kh8 29. h3 Rd4 30. Nf2 Bd2 31. N2d3 Bxf4 32. Nxf4 Qe4 33. Qxe4 Rxe4 34.
Rf1 Re8 35. Ra3 Nc6 36. Rc3 Rc4 37. Rd3 Rd4 38. Re3 Ne5 39. Ra3 1-0

[Event "I Open Franciacorta"]
[Site "Castelli Calepio ITA"]
[Date "2007.04.28"]
[Round "2"]
[White "Impellizzeri, Francesco"]
[Black "Ghidinelli, Giorgio"]
[Result "0-1"]
[WhiteElo "1736"]
[BlackElo "1873"]
[PlyCount "120"]
[EventDate "2007.04.28"]

1. d4 Nf6 2. c4 e6 3. Nc3 b6 4. e4 d6 5. Be2 Bb7 6. Qc2 Be7 7. Bg5 h6 8. Bh4
Nbd7 9. f4 O-O 10. Nh3 c5 11. d5 e5 12. f5 g5 13. fxg6 fxg6 14. O-O-O Nh7 15.
Bxe7 Qxe7 16. Rdf1 Kg7 17. Kb1 Ndf6 18. g4 Bc8 19. Nf2 Bd7 20. h4 g5 21. Qd2
Rf7 22. Ncd1 Ng8 23. Ne3 Kh8 24. Nf5 Bxf5 25. gxf5 gxh4 26. Bh5 Rg7 27. Bg6 Qg5
28. Qe2 Nhf6 29. Nd1 h5 30. Rhg1 Ng4 31. Rf3 Rf8 32. Rh3 Ne7 33. Rgh1 Nxg6 34.
fxg6 Qxg6 35. Rxh4 Nf6 36. Ne3 Nxe4 37. Rxh5+ Kg8 38. Rh8+ Kf7 39. Rxf8+ Kxf8
40. Rf1+ Rf7 41. Kc1 Ng3 42. Rxf7+ Kxf7 43. Qf3+ Ke7 44. Qg2 Kd8 45. Qh2 Kc7
46. Qh4 Kd7 47. Qh3+ Kd8 48. Qh4+ Ke8 49. Qh3 Kd8 50. Qh4+ Kd7 51. Qh3+ Kc7 52.
Qh4 Qg7 53. a3 Kb7 54. Kb1 Ne2 55. Qd8 Qh7+ 56. Ka2 Qc7 57. Qf6 Nd4 58. Qg6 b5
59. cxb5 Nxb5 60. Qe8 a6 0-1

[Event "I Open Franciacorta"]
[Site "Castelli Calepio ITA"]
[Date "2007.04.28"]
[Round "2"]
[White "Lanni, Vincenzo"]
[Black "Stella, Luca"]
[Result "1-0"]
[WhiteElo "1899"]
[BlackElo "1892"]
[PlyCount "77"]
[EventDate "2007.04.28"]

1. d4 Nf6 2. g3 c6 3. Bg2 d6 4. Nf3 Nbd7 5. O-O Qc7 6. c3 g6 7. Nbd2 Bg7 8. e4
O-O 9. Qc2 e5 10. h3 Kh8 11. Re1 b6 12. b3 Ba6 13. Bb2 Rad8 14. Bf1 Bxf1 15.
Kxf1 Rfe8 16. Kg2 a5 17. a4 Rb8 18. Rad1 b5 19. Ba3 d5 20. Nxe5 Nxe5 21. dxe5
Rxe5 22. f4 Ree8 23. e5 Ne4 24. Nxe4 b4 25. cxb4 dxe4 26. b5 Qb7 27. Bd6 Rbc8
28. Qxe4 Qb6 29. bxc6 Rxc6 30. Qd3 Qb7 31. Kh2 Rec8 32. Re2 Rc3 33. Qd5 Qxb3
34. Qxb3 Rxb3 35. Rd5 Ra8 36. Rb5 Rxb5 37. axb5 Bf8 38. b6 Kg8 39. b7 1-0

[Event "I Open Franciacorta"]
[Site "Castelli Calepio ITA"]
[Date "2007.04.28"]
[Round "2"]
[White "Lazic, Miroljub"]
[Black "Oteri, Aldo"]
[Result "1-0"]
[WhiteElo "2450"]
[BlackElo "1952"]
[PlyCount "45"]
[EventDate "2007.04.28"]

1. e4 e6 2. d3 d5 3. Nd2 c5 4. Ngf3 Nc6 5. g3 Bd6 6. Bg2 Bd7 7. O-O Qc7 8. Re1
O-O-O 9. Ng5 Nh6 10. exd5 exd5 11. Bxd5 Ne5 12. Bg2 f6 13. Ngf3 Nhf7 14. Nxe5
Nxe5 15. Ne4 Bc6 16. Bf4 Bxe4 17. Rxe4 g5 18. Bxe5 Bxe5 19. Qf3 Bxb2 20. Rb1
Be5 21. Rxe5 fxe5 22. Rxb7 Qd6 23. Bh3+ 1-0

[Event "I Open Franciacorta"]
[Site "Castelli Calepio ITA"]
[Date "2007.04.28"]
[Round "2"]
[White "Lazzaroni, Fabio"]
[Black "Cattaneo, Ugo"]
[Result "0-1"]
[WhiteElo "1622"]
[BlackElo "1765"]
[PlyCount "98"]
[EventDate "2007.04.28"]

1. e4 e5 2. Nf3 Nc6 3. Bc4 Bc5 4. c3 Nf6 5. d4 exd4 6. cxd4 Bb4+ 7. Bd2 Bxd2+
8. Nbxd2 d6 9. O-O O-O 10. h3 d5 11. exd5 Nxd5 12. Ne4 Nce7 13. Re1 c6 14. Qd2
h6 15. Ne5 Nf5 16. Rad1 Qe7 17. Nc3 Qd8 18. Nf3 Be6 19. Nxd5 cxd5 20. Bb3 Qf6
21. Rc1 Nd6 22. Rc7 Rac8 23. Rec1 Rxc7 24. Rxc7 Rc8 25. Rxc8+ Nxc8 26. Qe3 Nd6
27. Qe5 Qxe5 28. Nxe5 Nc4 29. Nxc4 dxc4 30. Bc2 b5 31. a3 a5 32. Kf1 Kf8 33.
Ke2 Ke7 34. Kd2 b4 35. Be4 Kd6 36. f3 f5 37. Bb7 Bd5 38. Ba6 f4 39. Kc2 Kc6 40.
Kd2 Be6 41. axb4 axb4 42. Kc2 Kb6 43. d5 Bxd5 44. Bc8 Kc5 45. Bf5 Kd4 46. Kd2
c3+ 47. bxc3+ bxc3+ 48. Kc2 Bc4 49. Bg6 Bf1 0-1

[Event "I Open Franciacorta"]
[Site "Castelli Calepio ITA"]
[Date "2007.04.28"]
[Round "2"]
[White "Ljubisavljevic, Zivojin Z."]
[Black "Brunello, Marina"]
[Result "1/2-1/2"]
[WhiteElo "2279"]
[BlackElo "1924"]
[PlyCount "182"]
[EventDate "2007.04.28"]

1. e4 e5 2. Nf3 Nc6 3. Nc3 Bc5 4. Na4 Be7 5. d4 exd4 6. Nxd4 d6 7. Nxc6 bxc6 8.
Nc3 Nf6 9. Be2 O-O 10. O-O Re8 11. f4 Nd7 12. Bf3 Bb7 13. Be3 Bf6 14. Bd4 c5
15. Bxf6 Nxf6 16. Re1 Rb8 17. b3 Nd7 18. e5 Bxf3 19. Qxf3 dxe5 20. Rad1 exf4
21. Rxe8+ Qxe8 22. Qxf4 Nf6 23. Kf1 Qe7 24. Re1 Qd7 25. Ne4 Nxe4 26. Qxe4 Rc8
27. Re3 g6 28. Rd3 Qb5 29. a4 Qb6 30. h4 Qf6+ 31. Rf3 Qa1+ 32. Kf2 Rd8 33. c3
Qb2+ 34. Kg3 Qxb3 35. c4 Qb2 36. Qe7 Rf8 37. Qxc5 Qb6 38. Qe5 h5 39. Rf6 Qb3+
40. Kh2 Qxc4 41. Rf4 Qc6 42. a5 Re8 43. Qg5 Qd6 44. Qg3 Qe5 45. Rc4 Qxg3+ 46.
Kxg3 Re5 47. Rxc7 Rxa5 48. Kf3 Ra6 49. g3 Kg7 50. Kf4 Kf6 51. Rb7 Ra4+ 52. Kf3
Ke6 53. Rc7 Ra5 54. Ke4 Re5+ 55. Kf4 Rf5+ 56. Ke4 a5 57. Rc6+ Kd7 58. Rc1 Kd6
59. Rc8 Rb5 60. Kf4 Ke6 61. Rc6+ Ke7 62. Rc7+ Kf6 63. Rc6+ Kg7 64. Ra6 Rb4+ 65.
Kf3 a4 66. Kg2 Rg4 67. Kf3 f6 68. Ra7+ Kh6 69. Rf7 f5 70. Ra7 Rb4 71. Kg2 f4
72. gxf4 Rxf4 73. Kh3 Rb4 74. Kg3 Rb3+ 75. Kg2 Rb4 76. Kg3 Re4 77. Kh3 Rc4 78.
Rb7 Rf4 79. Kg3 Rg4+ 80. Kh3 Rc4 81. Ra7 Rc3+ 82. Kg2 a3 83. Kh2 Rc2+ 84. Kh3
a2 85. Kg3 Rb2 86. Kh3 Rb3+ 87. Kh2 Rb2+ 88. Kh3 Rc2 89. Kg3 Rd2 90. Kh3 g5 91.
Ra6+ Kg7 1/2-1/2

[Event "I Open Franciacorta"]
[Site "Castelli Calepio ITA"]
[Date "2007.04.28"]
[Round "2"]
[White "Moro, Roberto"]
[Black "Varinelli, Pierluigi"]
[Result "1/2-1/2"]
[WhiteElo "1739"]
[BlackElo "1558"]
[PlyCount "40"]
[EventDate "2007.04.28"]

1. e4 d6 2. f4 Nf6 3. Nc3 c6 4. Nf3 Bg4 5. h3 Bxf3 6. Qxf3 e6 7. b3 d5 8. exd5
cxd5 9. Bb5+ Nc6 10. Bb2 a6 11. Bxc6+ bxc6 12. O-O Be7 13. d3 O-O 14. Ne2 c5
15. g4 d4 16. c3 dxc3 17. Bxc3 Nd5 18. Bb2 Bf6 19. Bxf6 Qxf6 20. f5 Rad8
1/2-1/2

[Event "I Open Franciacorta"]
[Site "Castelli Calepio ITA"]
[Date "2007.04.28"]
[Round "2"]
[White "Romagnoli, Franco"]
[Black "De Bellis, Aldo"]
[Result "1-0"]
[WhiteElo "2110"]
[BlackElo "1440"]
[PlyCount "111"]
[EventDate "2007.04.28"]

1. e4 e6 2. Nf3 d5 3. e5 h6 4. a3 c5 5. b4 a6 6. bxc5 Bxc5 7. d4 Bb6 8. Bd3 Nc6
9. c3 Nge7 10. a4 Bd7 11. Na3 Na5 12. O-O Rc8 13. Bd2 Nc4 14. Nxc4 dxc4 15. Bc2
Nd5 16. h3 Ba5 17. Qe1 Bc6 18. Nh2 Qh4 19. Ng4 Bd8 20. Qe2 h5 21. Nh2 Nf4 22.
Bxf4 Qxf4 23. g3 Qg5 24. Nf3 Qe7 25. Nd2 Bd5 26. a5 Bc6 27. Ne4 Bc7 28. f4 g6
29. Qxc4 Bxe4 30. Bxe4 O-O 31. Bxb7 Rb8 32. Bxa6 Qd8 33. Rfb1 Rxb1+ 34. Rxb1
Bxa5 35. Qd3 Bb6 36. Bb7 Qc7 37. Be4 Kg7 38. Kg2 Qa7 39. Rb2 Rd8 40. g4 hxg4
41. hxg4 Bxd4 42. cxd4 Rxd4 43. Qf3 Qa4 44. Re2 Rc4 45. f5 Qa1 46. f6+ Kf8 47.
Rd2 Rd4 48. Qe3 Rxd2+ 49. Qxd2 Kg8 50. Qd8+ Kh7 51. Qc7 Kh6 52. Qd6 Qb2+ 53.
Kf1 Kg5 54. Bf3 Kf4 55. Be2 Kg3 56. Qd3+ 1-0

[Event "I Open Franciacorta"]
[Site "Castelli Calepio ITA"]
[Date "2007.04.28"]
[Round "2"]
[White "Romano, Zeno"]
[Black "Ranfagni, Stefano"]
[Result "1/2-1/2"]
[WhiteElo "1850"]
[BlackElo "2034"]
[PlyCount "120"]
[EventDate "2007.04.28"]

1. e4 e5 2. Nf3 Nf6 3. Nxe5 d6 4. Nf3 Nxe4 5. d4 d5 6. Nbd2 Bg4 7. Be2 Bd6 8.
O-O O-O 9. Re1 f5 10. Ne5 Bxe2 11. Qxe2 Nc6 12. Ndf3 Nxd4 13. Nxd4 Bxe5 14. Nf3
Bf6 15. Qb5 Rb8 16. Be3 c6 17. Qb3 b6 18. Rad1 Qc7 19. c4 Nc5 20. Qc2 dxc4 21.
Qxc4+ Qf7 22. Qxf7+ Rxf7 23. Bxc5 bxc5 24. b3 c4 25. bxc4 Rb2 26. Rd2 Rfb7 27.
Rd6 Rc7 28. Rd2 Rcb7 29. Rd6 R7b6 30. g3 Rc2 31. Re8+ Kf7 32. Rc8 Rxa2 33.
Rdxc6 Rbb2 34. R8c7+ Kg6 35. Ne5+ Kh6 36. Nd3 Rd2 37. Rd7 a5 38. Ra6 Kg5 39.
h4+ Kh6 40. Rd5 Rd1+ 41. Kg2 Rad2 42. Nf4 a4 43. Rxd2 Rxd2 44. Nd5 Kg6 45. Nxf6
gxf6 46. Rxa4 Rc2 47. Kf3 h5 48. Ke3 Kf7 49. Ra7+ Ke6 50. Rc7 Kd6 51. Rc8 Kd7
52. Rc5 Ke6 53. f3 Rc3+ 54. Kf4 Kf7 55. Rc7+ Ke6 56. Rc6+ Ke7 57. c5 Kf7 58.
Rc7+ Ke6 59. c6 Rc4+ 60. Ke3 Rc3+ 1/2-1/2

[Event "I Open Franciacorta"]
[Site "Castelli Calepio ITA"]
[Date "2007.04.28"]
[Round "2"]
[White "Rossi, Giampiero"]
[Black "Starostits, Ilmars"]
[Result "0-1"]
[WhiteElo "2010"]
[BlackElo "2507"]
[PlyCount "66"]
[EventDate "2007.04.28"]

1. d4 d5 2. c4 dxc4 3. Nf3 c6 4. e3 Be6 5. Ne5 Nf6 6. Nxc4 c5 7. Nc3 cxd4 8.
Qxd4 Qxd4 9. exd4 Nc6 10. Be3 O-O-O 11. Rd1 Nd5 12. Be2 g6 13. O-O Bg7 14. Rd2
f5 15. Nxd5 Bxd5 16. Rc2 Bf6 17. Na5 g5 18. Nxc6 bxc6 19. f3 Kb7 20. b3 f4 21.
Bf2 h5 22. Rd1 Rd7 23. h3 Rhd8 24. Kf1 Rd6 25. Rdc1 Bf7 26. Bc4 Bxc4+ 27. bxc4
Bxd4 28. Bxd4 Rxd4 29. Rb1+ Kc7 30. Re1 Rd1 31. Rce2 Kb6 32. Rxe7 R8d2 33. R7e2
Rxe2 0-1

[Event "I Open Franciacorta"]
[Site "Castelli Calepio ITA"]
[Date "2007.04.28"]
[Round "2"]
[White "Schaberg, Wolfgang"]
[Black "Menato, Nazario"]
[Result "1-0"]
[WhiteElo "1480"]
[BlackElo "1511"]
[PlyCount "87"]
[EventDate "2007.04.28"]

1. e4 c5 2. Nf3 Nc6 3. d4 cxd4 4. Nxd4 e5 5. Nb5 d6 6. c4 a6 7. N5c3 Be7 8. Be3
Nf6 9. Be2 O-O 10. O-O Be6 11. b3 Rb8 12. f3 Nd7 13. Qd2 f5 14. exf5 Bxf5 15.
Nd5 Kh8 16. Nbc3 Qe8 17. Rfd1 Qg6 18. Nxe7 Nxe7 19. Qxd6 Rbe8 20. Qxg6 Nxg6 21.
Nd5 Rc8 22. Rd2 Nc5 23. Rad1 h6 24. Nb6 Rc6 25. g4 Be6 26. Rd6 Rxd6 27. Rxd6
Nf4 28. Bxc5 Nxe2+ 29. Kf2 Nf4 30. Rxe6 Nxe6 31. Bxf8 Nxf8 32. Ke3 Ne6 33. Nd7
Kg8 34. Nxe5 Nc5 35. h4 a5 36. Nd3 Ne6 37. Ke4 b6 38. f4 Kf7 39. f5 Nc7 40. g5
hxg5 41. hxg5 Ne8 42. Ne5+ Ke7 43. Nc6+ Kd6 44. Nd4 1-0

[Event "I Open Franciacorta"]
[Site "Castelli Calepio ITA"]
[Date "2007.04.28"]
[Round "2"]
[White "Tonelli, Gianfranco"]
[Black "Biava, Pierluigi"]
[Result "0-1"]
[WhiteElo "1510"]
[BlackElo "1763"]
[PlyCount "96"]
[EventDate "2007.04.28"]

1. e4 c5 2. Nf3 e6 3. Nc3 Nc6 4. Bb5 Nge7 5. O-O a6 6. Be2 d5 7. exd5 Nxd5 8.
Ne4 Be7 9. b3 Nf6 10. Ng3 Qc7 11. Re1 Bd7 12. Bb2 O-O-O 13. Bd3 Bd6 14. Nf1 h5
15. Ng5 Rdf8 16. Be4 Bf4 17. Nh3 Bh6 18. Bxc6 Bxc6 19. Be5 Qd7 20. Qe2 Qd5 21.
f3 Nd7 22. c4 Qxe5 23. Qxe5 Nxe5 24. Rxe5 g6 25. Rxc5 Bg7 26. Rxc6+ bxc6 27.
Rd1 Bd4+ 28. Kh1 h4 29. Ng5 Rh5 30. Ne4 f5 31. Nc3 Bxc3 32. dxc3 Rd8 33. Re1
Re8 34. Rd1 g5 35. Ne3 Rh7 36. Nc2 Rd7 37. Re1 e5 38. h3 c5 39. Ne3 Rf7 40. Nd5
Kd7 41. Rd1 Kc6 42. b4 e4 43. b5+ axb5 44. cxb5+ Kxb5 45. fxe4 Rxe4 46. Rc1 Kc4
47. Nb6+ Kd3 48. Na4 Rxa4 0-1

[Event "I Open Franciacorta"]
[Site "Castelli Calepio ITA"]
[Date "2007.04.29"]
[Round "3"]
[White "Brunello, Marina"]
[Black "Gallitto, Salvatore"]
[Result "0-1"]
[WhiteElo "1924"]
[BlackElo "1939"]
[PlyCount "68"]
[EventDate "2007.04.28"]

1. e4 c6 2. d4 d6 3. Nc3 Nf6 4. Bd3 e5 5. Nf3 Qc7 6. a4 a5 7. b3 Bg4 8. Be2
Nbd7 9. O-O Be7 10. Bb2 O-O 11. Re1 Rfe8 12. h3 Bh5 13. Qd2 Rad8 14. Ng5 Bg6
15. Bf1 h6 16. Nf3 Bf8 17. Rac1 Qb6 18. d5 Nc5 19. Qe3 Qb4 20. Nd2 Rc8 21. Nc4
cxd5 22. Na2 Qxe1 23. Rxe1 dxc4 24. Bxc4 Ncxe4 25. Kh2 d5 26. Bd3 Bc5 27. Qc1
Bxf2 28. Bxe4 Nxe4 29. Re2 Bg3+ 30. Kg1 Bh5 31. Rxe4 dxe4 32. c4 Rcd8 33. Nc3
Rd3 34. Qc2 Red8 0-1

[Event "I Open Franciacorta"]
[Site "Castelli Calepio ITA"]
[Date "2007.04.29"]
[Round "3"]
[White "Capata, Ion"]
[Black "Stella, Andrea"]
[Result "1/2-1/2"]
[WhiteElo "2158"]
[BlackElo "2087"]
[PlyCount "54"]
[EventDate "2007.04.28"]

1. d4 e6 2. Nf3 f5 3. Nc3 d5 4. Bg5 Nf6 5. e3 Be7 6. Ne5 O-O 7. h4 Nbd7 8. Nxd7
Bxd7 9. Be2 h6 10. Bf4 Ne4 11. Nxe4 fxe4 12. g3 Bd6 13. Bxd6 cxd6 14. O-O Qa5
15. Bg4 Rac8 16. c3 Rf6 17. a3 Rcf8 18. a4 Qd8 19. b3 b5 20. axb5 Bxb5 21. Be2
Bxe2 22. Qxe2 Rg6 23. Kh2 Rf3 24. Rxa7 Rg4 25. Qa6 Qxh4+ 26. gxh4 Rxh4+ 27. Kg2
Rg4+ 1/2-1/2

[Event "I Open Franciacorta"]
[Site "Castelli Calepio ITA"]
[Date "2007.04.29"]
[Round "3"]
[White "Cattaneo, Ugo"]
[Black "Romagnoli, Franco"]
[Result "1/2-1/2"]
[WhiteElo "1765"]
[BlackElo "2110"]
[PlyCount "48"]
[EventDate "2007.04.28"]

1. e4 g6 2. Nf3 Bg7 3. Bc4 c6 4. c3 d5 5. exd5 cxd5 6. Bb3 Nf6 7. d4 Nc6 8. Bf4
a6 9. Nbd2 Bf5 10. O-O O-O 11. Re1 Na5 12. Ne5 Re8 13. Qf3 Nxb3 14. axb3 Be4
15. Qe3 Rc8 16. g4 g5 17. Bxg5 Nd7 18. f3 Bg6 19. Bh6 Nxe5 20. dxe5 e6 21. Bxg7
Kxg7 22. b4 Qh4 23. Qf2 Qg5 24. h4 Qf4 1/2-1/2

[Event "I Open Franciacorta"]
[Site "Castelli Calepio ITA"]
[Date "2007.04.29"]
[Round "3"]
[White "De Santis, Alessio"]
[Black "Georgiev, Vladimir"]
[Result "1/2-1/2"]
[WhiteElo "2321"]
[BlackElo "2540"]
[PlyCount "50"]
[EventDate "2007.04.28"]

1. d4 Nf6 2. c4 e6 3. Nc3 Bb4 4. f3 Nh5 5. Nh3 f5 6. e3 c5 7. Be2 cxd4 8. exd4
f4 9. a3 Bxc3+ 10. bxc3 O-O 11. O-O d5 12. Nf2 Nc6 13. Rb1 b6 14. Re1 Qc7 15.
a4 Bd7 16. Ba3 Rf7 17. cxd5 exd5 18. c4 Ne7 19. Rc1 Qd8 20. cxd5 Nxd5 21. Bc4
Nhf6 22. Re5 Bc6 23. Ne4 Kh8 24. Ng5 Rd7 25. Qd3 Qg8 1/2-1/2

[Event "I Open Franciacorta"]
[Site "Castelli Calepio ITA"]
[Date "2007.04.29"]
[Round "3"]
[White "Ghidinelli, Giorgio"]
[Black "Ljubisavljevic, Zivojin Z."]
[Result "0-1"]
[WhiteElo "1873"]
[BlackElo "2279"]
[PlyCount "72"]
[EventDate "2007.04.28"]

1. d4 Nf6 2. c4 c5 3. Nf3 cxd4 4. Nxd4 Nc6 5. Nc3 g6 6. g3 Bg7 7. Nxc6 dxc6 8.
Qxd8+ Kxd8 9. Bg2 Be6 10. c5 Nd5 11. Nxd5 Bxd5 12. O-O Bxg2 13. Kxg2 Kc7 14.
Rb1 a5 15. a4 Bd4 16. Be3 Rhd8 17. Rfd1 Bxe3 18. fxe3 Rd5 19. Rbc1 Rad8 20.
Rxd5 Rxd5 21. Rc2 Rd1 22. h4 h5 23. b3 f6 24. e4 Kd7 25. Rc3 Ke6 26. Kf3 Ke5
27. Ke3 g5 28. hxg5 fxg5 29. Rd3 Rb1 30. Kf3 e6 31. Ke3 Rc1 32. Kd2 Rxc5 33.
Rd7 b5 34. axb5 cxb5 35. Rh7 Kxe4 36. Rxh5 Rd5+ 0-1

[Event "I Open Franciacorta"]
[Site "Castelli Calepio ITA"]
[Date "2007.04.29"]
[Round "3"]
[White "Ranfagni, Stefano"]
[Black "Lanni, Vincenzo"]
[Result "1/2-1/2"]
[WhiteElo "2034"]
[BlackElo "1899"]
[PlyCount "141"]
[EventDate "2007.04.28"]

1. e4 g6 2. d4 Bg7 3. Nc3 d6 4. f4 Nf6 5. Nf3 O-O 6. Bc4 c6 7. O-O b5 8. Bb3 b4
9. e5 bxc3 10. exf6 cxb2 11. Bxb2 Bxf6 12. Ng5 Nd7 13. Qf3 d5 14. Qg3 Bg7 15.
Rae1 e6 16. c3 Nf6 17. Ba3 Re8 18. Qd3 Bf8 19. Bc1 c5 20. Bc2 Qa5 21. Bb1 Ba6
22. Qg3 Bxf1 23. Kxf1 cxd4 24. cxd4 Rab8 25. Bd3 Qxa2 26. h4 Qa4 27. Be3 Rb3
28. Be2 Qa3 29. Bd1 Rb1 30. Kg1 Bb4 31. Rf1 Bd2 32. Bf2 Qxg3 33. Bxg3 Be3+ 34.
Kh2 Bxd4 35. Nf3 Bc5 36. Nd2 Rb2 37. Nb3 Bb6 38. Be1 Ne4 39. Nc1 Rc8 40. Nd3
Rb1 41. Ba4 Ra1 42. Bd7 Rd8 43. Bb5 a6 44. Bc6 Ba5 45. Bxa5 Rxa5 46. Rb1 Ra3
47. Ne5 f6 48. Ng4 Rc3 49. Ba4 Rc7 50. Rb6 Re7 51. Bc2 Ra8 52. Rb4 Kg7 53. Ne3
Rc7 54. g4 a5 55. Ra4 Rc3 56. Bxe4 Rxe3 57. Bg2 Rb3 58. f5 Rb4 59. Ra2 gxf5 60.
gxf5 exf5 61. Bxd5 Ra7 62. Rg2+ Kf8 63. Rg8+ Ke7 64. Rg7+ Kd6 65. Rxa7 Kxd5 66.
Rxa5+ Ke4 67. Ra7 Rb2+ 68. Kg3 h5 69. Rh7 f4+ 70. Kh3 Kf3 71. Rxh5 1/2-1/2

[Event "I Open Franciacorta"]
[Site "Castelli Calepio ITA"]
[Date "2007.04.29"]
[Round "3"]
[White "Schaberg, Wolfgang"]
[Black "Romano, Zeno"]
[Result "0-1"]
[WhiteElo "1480"]
[BlackElo "1850"]
[PlyCount "34"]
[EventDate "2007.04.28"]

1. e4 e5 2. Nf3 Nc6 3. d4 exd4 4. Nxd4 Bc5 5. Nxc6 Qf6 6. Qf3 Qxf3 7. gxf3 bxc6
8. Be3 Bxe3 9. fxe3 Ne7 10. Rg1 O-O 11. Nc3 f5 12. e5 f4 13. e4 Ng6 14. Bc4+
Kh8 15. Rg4 Re8 16. e6 d6 17. Ne2 Ne5 0-1

[Event "XXIX C.to Italiano seniores"]
[Site "Ponte Arche - Bleggio Inferiore ITA"]
[Date "2007.05.11"]
[Round "9"]
[White "Manzardo, Bruno"]
[Black "Beltrami, Nerio"]
[Result "1-0"]
[WhiteElo "2095"]
[BlackElo "2053"]
[PlyCount "59"]
[EventDate "2007.05.03"]

1. d4 g6 2. f4 Bg7 3. Nf3 d6 4. e3 Nf6 5. Bd3 O-O 6. c3 Nbd7 7. O-O c5 8. f5
cxd4 9. exd4 b6 10. fxg6 hxg6 11. Qe1 Bb7 12. Qh4 Qc7 13. Nbd2 Qc6 14. Re1 e6
15. Be4 Qc7 16. Bxb7 Qxb7 17. Ng5 Rfe8 18. Nde4 Qc7 19. Bf4 e5 20. dxe5 dxe5
21. Be3 Nf8 22. Rf1 Qe7 23. Rf3 Rac8 24. Raf1 Rc6 25. g4 Rd8 26. Nxf7 Qxf7 27.
g5 N8h7 28. gxf6 Bh8 29. Qh6 Rd3 30. Rg3 1-0

[Event "XXV Festival Isola d'Elba A"]
[Site "Capoliveri ITA"]
[Date "2007.05.07"]
[Round "2"]
[White "Ljubisavljevic, Zivojin Z."]
[Black "Codenotti, Marco"]
[Result "0-1"]
[WhiteElo "2279"]
[BlackElo "1809"]
[PlyCount "90"]
[EventDate "2007.05.06"]

1. d4 Nf6 2. Bg5 Ne4 3. Bf4 d5 4. f3 Nf6 5. c4 c6 6. cxd5 cxd5 7. Bxb8 Rxb8 8.
Nc3 Bf5 9. g4 Bg6 10. g5 Nd7 11. h4 Qa5 12. Bh3 e6 13. h5 Bxh5 14. Bxe6 fxe6
15. Rxh5 Bb4 16. Kf2 Bxc3 17. bxc3 Rc8 18. e3 Qxc3 19. Ne2 Qc2 20. Qh1 Qf5 21.
Nf4 Rc2+ 22. Kg3 g6 23. Rh4 Qxg5+ 24. Rg4 Qf6 25. Qh6 Qf8 26. Qh3 Qf6 27. Rh1
h5 28. Rxg6 h4+ 29. Qxh4 Rxh4 30. Rxh4 Rg2+ 31. Kxg2 Qxh4 32. Rxe6+ Kf7 33. Rd6
Nb6 34. a4 Qe7 35. Rg6 Qxe3 36. Rg4 Qxd4 37. Nh5 Qb2+ 38. Kh3 d4 39. Rg7+ Kf8
40. Rxb7 d3 41. a5 Qc2 42. Rxa7 d2 43. axb6 Qc8+ 44. Kg3 d1=Q 45. Nf6 Qd6+ 0-1

[Event "XXV Festival Isola d'Elba A"]
[Site "Capoliveri ITA"]
[Date "2007.05.10"]
[Round "7"]
[White "Ceccarini, Marco"]
[Black "La Gatta, Giovanni"]
[Result "1-0"]
[WhiteElo "2050"]
[BlackElo "2138"]
[PlyCount "71"]
[EventDate "2007.05.06"]

1. e4 c5 2. Nf3 d6 3. d4 cxd4 4. Nxd4 Nf6 5. f3 e5 6. Bb5+ Nbd7 7. Nf5 a6 8.
Ba4 b5 9. Bb3 Nc5 10. Ne3 Bb7 11. Nc3 Nxb3 12. axb3 Be7 13. O-O g6 14. Ned5
Nxd5 15. Nxd5 Bxd5 16. Qxd5 O-O 17. Be3 Bg5 18. Bf2 Qc7 19. c3 Kh8 20. Ra2 f5
21. exf5 gxf5 22. Rfa1 a5 23. Qxb5 d5 24. Rxa5 Rxa5 25. Rxa5 d4 26. Qxe5+ Qxe5
27. Rxe5 d3 28. Rd5 Ra8 29. Bd4+ Kg8 30. Kf2 Ra2 31. c4 Bc1 32. Bc3 Bxb2 33.
Ra5 d2 34. Ke2 Ba3 35. Ra8+ Kf7 36. Bxd2 1-0

[Event "Weekend Accademia A Primavera"]
[Site "Roma ITA"]
[Date "2007.05.11"]
[Round "1"]
[White "Di Cecco, Giuseppe"]
[Black "Prudenzano, Ruggero"]
[Result "1-0"]
[WhiteElo "2027"]
[BlackElo "1814"]
[PlyCount "119"]
[EventDate "2007.05.11"]

1.e4 c5 2.Nf3 d6 3.d4 cxd4 4.Nxd4 Nf6 5.Nc3 a6 6.Bc4 e6 7.Bb3 Nbd7 8.Bg5 
Nc5 9.Qe2 Be7 10.O-O-O Nfxe4 11.Bxe7 Nxc3 12.Bxd8 Nxe2+ 13.Nxe2 Kxd8 14.
Rxd6+ Ke7 15.Rhd1 Bd7 16.f4 Nxb3+ 17.axb3 Bc6 18.g3 Bd5 19.Rb6 Bf3 20.Rd2 
Rhd8 21.Nd4 Be4 22.c3 Rac8 23.Kd1 Rd7 24.Ke1 Rc5 25.Re2 Bc6 26.b4 Rc4 27.
Nb3 Bf3 28.Re3 Rd1+ 29.Kf2 Bc6 30.Na5 Bd5 31.Nxc4 Bxc4 32.Rxb7+ Kf6 33.Re5
Rd2+ 34.Ke3 Rd3+ 35.Ke4 Rd2 36.Rc7 Bd5+ 37.Ke3 Rxb2 38.c4 Bh1 39.Rh5 h6 
40.b5 axb5 41.cxb5 Bd5 42.Rc5 Ke7 43.Rc7+ Kf6 44.Rc5 Ke7 45.Rcxd5 exd5 46.
Rxd5 Rxh2 47.Kd4 Rb2 48.Kc5 Rc2+ 49.Kb6 Rc3 50.Rc5 Rxg3 51.Kc7 Rd3 52.b6 
Rd7+ 53.Kc8 Rd8+ 54.Kc7 Rd7+ 55.Kb8 Rd1 56.b7 Rb1 57.Kc7 h5 58.Rxh5 Rc1+ 
59.Kb6 Kd7 60.b8=Q 1-0

[Event "Weekend Accademia A Primavera"]
[Site "Roma ITA"]
[Date "2007.05.11"]
[Round "1"]
[White "Maddaloni, Giovanni"]
[Black "Vigile, Matteo"]
[Result "0-1"]
[WhiteElo "1867"]
[BlackElo "2086"]
[PlyCount "46"]
[EventDate "2007.05.11"]

1.e4 e5 2.Nf3 Nc6 3.Bb5 a6 4.Ba4 Nf6 5.O-O b5 6.Bb3 Bc5 7.c3 d6 8.Bc2 Bb6 
9.a3 O-O 10.d4 Bg4 11.d5 Ne7 12.Qd3 Ng6 13.Be3 Bxf3 14.gxf3 Nh5 15.Kh1 
Nhf4 16.Qd1 Nh3 17.Nd2 Ngf4 18.Bxf4 exf4 19.Qe2 Re8 20.Nb3 Re5 21.Nd4 Rh5 
22.Rad1 Bxd4 23.Rxd4 Qh4 0-1

[Event "Weekend Accademia A Primavera"]
[Site "Roma ITA"]
[Date "2007.05.11"]
[Round "1"]
[White "Marino, Giovanni"]
[Black "Profumo, Alberto"]
[Result "0-1"]
[WhiteElo "1933"]
[BlackElo "2256"]
[PlyCount "52"]
[EventDate "2007.05.11"]

1.d4 Nf6 2.Nf3 g6 3.c4 Bg7 4.g3 O-O 5.Bg2 d5 6.O-O Nc6 7.cxd5 Nxd5 8.e4 
Nb6 9.d5 Na5 10.Nc3 c6 11.dxc6 Nxc6 12.Qc2 Be6 13.Rd1 Nb4 14.Qb1 Qc8 15.
Nd4 Rd8 16.Nxe6 Qxe6 17.Bd2 Rac8 18.Bf1 Nc4 19.Be1 Rxd1 20.Nxd1 Na3 21.
bxa3 Nc2 22.Bc3 Bxc3 23.Nxc3 Nxa1 24.Nb5 Nc2 25.Bd3 Qb6 26.Bxc2 a6 0-1

[Event "Weekend Accademia A Primavera"]
[Site "Roma ITA"]
[Date "2007.05.11"]
[Round "1"]
[White "Marta, Daniele"]
[Black "Proia, Gaetano"]
[Result "1/2-1/2"]
[WhiteElo "2076"]
[BlackElo "1865"]
[PlyCount "52"]
[EventDate "2007.05.11"]

1.c4 c5 2.Nf3 Nc6 3.d4 cxd4 4.Nxd4 g6 5.e4 Bg7 6.Be3 d6 7.Be2 Nf6 8.Nc3 
O-O 9.O-O Bd7 10.Rc1 a6 11.f3 Qb6 12.Na4 Qa5 13.b3 Nxd4 14.Bxd4 Bxa4 15.
bxa4 Nd7 16.Be3 Nc5 17.Rb1 Rab8 18.Bd2 Qxa4 19.Qxa4 Nxa4 20.Rfc1 Nc5 21.
Be3 Rfc8 22.Rb4 Rc7 23.Rcb1 Ne6 24.Rd1 Nc5 25.Rdb1 Ne6 26.Rd1 Nc5 1/2-1/2

[Event "Weekend Accademia A Primavera"]
[Site "Roma ITA"]
[Date "2007.05.11"]
[Round "1"]
[White "Musmarra, Giovanni"]
[Black "Bonaposta, Fabrizio"]
[Result "0-1"]
[WhiteElo "1717"]
[BlackElo "1994"]
[PlyCount "56"]
[EventDate "2007.05.11"]

1.e4 c5 2.Nf3 e6 3.d4 cxd4 4.Nxd4 a6 5.c4 Nf6 6.Nc3 Bb4 7.Bd3 Nc6 8.Nxc6 
dxc6 9.e5 Qa5 10.Qc2 Qxe5+ 11.Be3 Ng4 12.Qd2 Nxe3 13.fxe3 Bc5 14.Ke2 O-O 
15.Ne4 Be7 16.Rhf1 b5 17.b3 f5 18.Nf2 Bf6 19.Rac1 Bb7 20.g4 c5 21.cxb5 
axb5 22.Bxb5 Rfd8 23.Qc2 f4 24.Qxc5 Rxa2+ 25.Ke1 fxe3 26.Nd3 Bh4+ 27.Rf2 
exf2+ 28.Kf1 Qe2# 0-1